| 000 | 01050cam a2200277 4500 | ||
|---|---|---|---|
| 999 |
_c9133 _d9133 |
||
| 001 | 9133 | ||
| 003 | BD-JhCC | ||
| 005 | 20180312123148.0 | ||
| 008 | 690627s1969 enkab b 001 0 eng | ||
| 035 | _a(BD-JhCC)9133 | ||
| 040 |
_aDLC _cDLC _dDLC _dBD-JhCC |
||
| 041 | _aeng | ||
| 050 | 0 | 0 |
_aDS761 _b.M6 |
| 082 | 0 | 0 |
_a320.9/51 _bMOD 1969 |
| 245 | 0 | 0 |
_aModern China's search for a political form; _cedited by Jack Gray. |
| 260 |
_aLondon, _aNew York [etc.] _bissued under the auspices of the Royal Institute of International Affairs [by] Oxford U. P., _c1969. |
||
| 300 |
_axii, 379 p. _billus., map. _c23 cm. |
||
| 350 | _a75/- | ||
| 500 | _a" ... originated as contributions to the Working Group on China and the World of the Royal Institute of International Affairs." | ||
| 504 | _aBibliographical footnotes. | ||
| 651 | 0 |
_aChina _xPolitics and government _y20th century. |
|
| 700 | 1 |
_aGray, Jack, _d1936- |
|
| 710 | 2 |
_aRoyal Institute of International Affairs. _bWorking Group on China and the World. |
|
| 942 |
_2ddc _cBK |
||